000 00682cam a2200241 a 4500
001 000013855
003 OSt
005 20201002031104.0
008 771109s1958 sp 000 1 spa
040 _aDO-SdBNP
_bspa
_cBNPHU
082 _a863.64
_bG724a
100 1 _aGoytisolo Gay, Luis,
_d1935-
_931384
245 1 4 _aLas afueras /
_cLuis Goytisolo Gay.
260 _aBarcelona :
_bSeix Barral,
_c1958.
300 _a304 p. ;
_c19 cm.
490 1 _aBiblioteca breve
_v132.
590 _aInventariado, 2020/ YL
650 4 _aNovela espaƱola
_91123
650 4 _aLiteratura espaƱola
_9632
830 _aBiblioteca breve
_n132
_976718
910 _aEn proceso
942 _2ddc
_cLF1
999 _c13465
_d13465